[Event "Politiken Cup 2008"]
[Site "Helsingør DEN"]
[Date "2008.07.19"]
[Round "1.98"]
[White "Hjornevik, Knut Jarle"]
[Black "Andersson, Christin"]
[Result "0-1"]
[WhiteElo "1645"]
[BlackElo "2144"]
[PlyCount "96"]
[EventDate "2008.07.20"]
[EventType "swiss"]
[EventRounds "9"]
[EventCountry "DEN"]
[Source "lmi"]
[SourceDate "2008.07.20"]
[WhiteTeam "Sandness"]

1. d4 d5 2. c4 c6 3. Nf3 dxc4 4. a4 Nf6 5. Nc3 Bf5 6. e3 e6 7. Bxc4 Bb4 8. O-O
O-O 9. Bd3 Bg6 10. Bxg6 hxg6 11. Qc2 Nbd7 12. Bd2 Qa5 13. Na2 Bxd2 14. Nxd2 e5
15. Nc4 Qc7 16. h3 exd4 17. exd4 Rfe8 18. Rfe1 Qf4 19. Qb3 Qxd4 20. Red1 Nc5
21. Qc3 Qxc3 22. Nxc3 Rad8 23. Nd6 Re7 24. b4 Ne6 25. Nc4 Red7 26. b5 cxb5 27.
Rxd7 Rxd7 28. axb5 Rc7 29. Ra4 b6 30. Rb4 Nc5 31. Ne5 Nd3 32. Nxd3 Rxc3 33. Rd4
Rb3 34. Rd8+ Kh7 35. Ne5 Rxb5 36. Nxf7 g5 37. Ra8 a5 38. g4 Rd5 39. Kg2 Ne4 40.
Kf3 Nc5 41. Nd8 a4 42. Nc6 b5 43. Ra5 Ne6 44. Ne7 Rd3+ 45. Ke4 Rd7 46. Rxb5
Rxe7 47. Ra5 Rc7 48. Kd5 Rc5+ 0-1

[Event "Politiken Cup 2008"]
[Site "Helsingør DEN"]
[Date "2008.07.19"]
[Round "1.99"]
[White "Ofstad, Per"]
[Black "Bernard, Leif"]
[Result "1-0"]
[WhiteElo "2141"]
[BlackElo "1643"]
[PlyCount "103"]
[EventDate "2008.07.20"]
[EventType "swiss"]
[EventRounds "9"]
[EventCountry "DEN"]
[Source "lmi"]
[SourceDate "2008.07.20"]
[WhiteTeam "Fredrikstad"]
[BlackTeam "Enkeltmedlem"]

1. Nf3 Nf6 2. c4 c5 3. Nc3 d6 4. g3 g6 5. Bg2 Bg7 6. O-O O-O 7. d4 cxd4 8. Nxd4
a6 9. b3 Nbd7 10. Bb2 Qc7 11. h3 Ne5 12. Rc1 Rb8 13. f4 Nc6 14. Nd5 Qd8 15.
Nxf6+ Bxf6 16. Nxc6 bxc6 17. Bxf6 exf6 18. Kh2 Qc7 19. Qd4 f5 20. Rcd1 Rd8 21.
Bf3 Be6 22. Qc3 Qb6 23. Rd4 a5 24. Rxd6 Rxd6 25. c5 Qb4 26. Qxb4 Rxb4 27. cxd6
Rd4 28. Rc1 Rxd6 29. Rc5 a4 30. bxa4 Bxa2 31. Bxc6 Rd2 32. Bf3 Bb1 33. Kg1 Be4
34. Kf2 Ra2 35. Rc4 Bc2 36. Rc8+ Kg7 37. a5 Be4 38. Rc5 Ra3 39. Bxe4 fxe4 40.
Re5 Kf6 41. Rb5 Kg7 42. Kg2 h5 43. Re5 Kf6 44. Kf2 Kg7 45. g4 hxg4 46. hxg4 f6
47. Re7+ Kf8 48. Ra7 f5 49. gxf5 gxf5 50. a6 Ke8 51. Ra8+ Ke7 52. a7 1-0

[Event "Politiken Cup 2008"]
[Site "Helsingør DEN"]
[Date "2008.07.19"]
[Round "1.101"]
[White "Schou-Moldt, Thomas"]
[Black "Clausen, Jørgen"]
[Result "1-0"]
[WhiteElo "2136"]
[BlackElo "1630"]
[PlyCount "87"]
[EventDate "2008.07.20"]
[EventType "swiss"]
[EventRounds "9"]
[EventCountry "DEN"]
[Source "lmi"]
[SourceDate "2008.07.20"]
[WhiteTeam "Allerød"]
[BlackTeam "Gråsten"]

1. d4 d5 2. Bf4 Nc6 3. Nf3 Bf5 4. c3 e6 5. e3 Bd6 6. Nbd2 Nf6 7. Ne5 Bxe5 8.
dxe5 Nd7 9. Nf3 O-O 10. Bb5 Be4 11. Bxc6 bxc6 12. Nd4 c5 13. Nc6 Qe8 14. O-O
Nb6 15. Na5 Qb5 16. b4 cxb4 17. cxb4 Qxb4 18. Nc6 Qb5 19. Nd4 Qd7 20. Qg4 Kh8
21. f3 Bg6 22. h4 h6 23. h5 Bh7 24. Qh4 Qd8 25. Qe1 c5 26. Nc2 c4 27. Nd4 Bd3
28. Rf2 Qe7 29. a4 f6 30. Rb2 fxe5 31. Bxe5 Rae8 32. a5 Nc8 33. Qg3 Qg5 34.
Qxg5 hxg5 35. h6 Rf7 36. hxg7+ Kg8 37. Rb8 Rfe7 38. Kf2 Rxg7 39. Bxg7 Kxg7 40.
Nxe6+ Rxe6 41. Rxc8 Kf6 42. a6 Re7 43. Ra5 Rd7 44. Rac5 1-0

[Event "Politiken Cup 2008"]
[Site "Helsingør DEN"]
[Date "2008.07.19"]
[Round "1.102"]
[White "Linnemann, Lars"]
[Black "Gajic, Mladen"]
[Result "0-1"]
[WhiteElo "1626"]
[BlackElo "2135"]
[PlyCount "86"]
[EventDate "2008.07.20"]
[EventType "swiss"]
[EventRounds "9"]
[EventCountry "DEN"]
[Source "lmi"]
[SourceDate "2008.07.20"]
[WhiteTeam "Øbro"]
[BlackTeam "Lask"]

1. d4 d5 2. Nc3 Nf6 3. Bg5 e6 4. e3 Be7 5. Bd3 O-O 6. Nf3 c5 7. O-O Nc6 8. Na4
c4 9. Be2 b5 10. Nc3 a6 11. a3 h6 12. Bh4 Ne4 13. Bxe7 Nxe7 14. Nd2 Nxc3 15.
bxc3 Qa5 16. Nb1 Bb7 17. f4 Nf5 18. Rf3 Nd6 19. Rh3 Ne4 20. Qe1 f6 21. Bf3 Nd6
22. Qg3 Bc6 23. Qe1 Rae8 24. Bh5 Re7 25. Bg6 e5 26. fxe5 fxe5 27. Qg3 Nf5 28.
Bxf5 Rxf5 29. Rxh6 Ref7 30. h3 Rf1+ 31. Kh2 Qc7 32. dxe5 d4 33. Nd2 Rxa1 34.
cxd4 Rd1 35. Nf3 Bxf3 36. gxf3 Rd2+ 37. Kg1 Qb7 38. Rf6 Rxc2 39. Qg6 Rc1+ 40.
Kf2 c3 41. Rc6 c2 42. e6 Rxf3+ 43. Kxf3 Qxc6+ 0-1

[Event "Politiken Cup 2008"]
[Site "Helsingør DEN"]
[Date "2008.07.19"]
[Round "1.103"]
[White "Andersen, Lars Christoff"]
[Black "Snahre, Stig Allan"]
[Result "1-0"]
[WhiteElo "2131"]
[BlackElo "1623"]
[PlyCount "37"]
[EventDate "2008.07.20"]
[EventType "swiss"]
[EventRounds "9"]
[EventCountry "DEN"]
[Source "lmi"]
[SourceDate "2008.07.20"]
[WhiteTeam "Herlev"]
[BlackTeam "Egernsund"]

1. d4 Nf6 2. Nf3 d5 3. c4 g6 4. Nc3 Bg7 5. e3 O-O 6. Be2 b6 7. O-O Bb7 8. b4
Re8 9. Bb2 Nbd7 10. Qb3 c6 11. Rfd1 Qc7 12. Rac1 Qd8 13. cxd5 cxd5 14. Ne5 e6
15. Nb5 Rf8 16. Nd6 Rb8 17. Nxb7 Rxb7 18. Nc6 Qa8 19. Ba6 1-0

[Event "Politiken Cup 2008"]
[Site "Helsingør DEN"]
[Date "2008.07.19"]
[Round "1.104"]
[White "Clausen, Hansjørgen"]
[Black "Moestrup, Jorn"]
[Result "0-1"]
[WhiteElo "1617"]
[BlackElo "2129"]
[PlyCount "70"]
[EventDate "2008.07.20"]
[EventType "swiss"]
[EventRounds "9"]
[EventCountry "DEN"]
[Source "lmi"]
[SourceDate "2008.07.20"]
[WhiteTeam "Gråsten"]
[BlackTeam "Læseforeningen"]

1. d4 d5 2. Nf3 Nf6 3. e3 Bf5 4. c4 e6 5. Nc3 c6 6. c5 Nbd7 7. b4 Qc7 8. Bb2
Be7 9. Bd3 O-O 10. Bxf5 exf5 11. O-O Rfe8 12. Qc2 g6 13. a4 Ne4 14. b5 Bf8 15.
Rfe1 Bh6 16. g3 g5 17. Nxe4 fxe4 18. Ne5 Nxe5 19. dxe5 g4 20. Qe2 Qd7 21. h3
gxh3 22. Qh5 Qe6 23. g4 Qg6 24. Qxh3 Bg7 25. Kg2 Bxe5 26. Bxe5 Rxe5 27. Qg3 Rg5
28. Qc7 Rxg4+ 29. Kf1 Rh4 30. Ke2 Qf6 31. Rg1+ Kh8 32. Raf1 Rd8 33. Qg3 d4 34.
Qg5 d3+ 35. Kd1 Qa1+ 0-1

[Event "Politiken Cup 2008"]
[Site "Helsingør DEN"]
[Date "2008.07.19"]
[Round "1.105"]
[White "Eriksson, Christian"]
[Black "Johansen, Anders Sten"]
[Result "1-0"]
[WhiteElo "2127"]
[BlackElo "1615"]
[PlyCount "83"]
[EventDate "2008.07.20"]
[EventType "swiss"]
[EventRounds "9"]
[EventCountry "DEN"]
[Source "lmi"]
[SourceDate "2008.07.20"]
[WhiteTeam "Hørsholm"]
[BlackTeam "Follo"]

1. e4 c5 2. c3 d5 3. exd5 Qxd5 4. d4 Nc6 5. Nf3 Bg4 6. dxc5 Qxc5 7. Be3 Qa5 8.
Na3 Nf6 9. h3 Bh5 10. Bb5 e6 11. Bxc6+ bxc6 12. Nc4 Qb5 13. Qe2 Bxf3 14. gxf3
Be7 15. Rg1 g6 16. Bh6 Qh5 17. Bg7 Rg8 18. Bxf6 Bxf6 19. O-O-O Ke7 20. Nd6 Rgd8
21. Ne4 Bg7 22. Qc4 Qxf3 23. Qc5+ Ke8 24. Nd6+ Rxd6 25. Rxd6 Rc8 26. Rdd1 Bh6+
27. Kb1 Qe4+ 28. Ka1 Qa4 29. Qd6 c5 30. Rge1 Qc6 31. Qxc6+ Rxc6 32. Re4 Bf8 33.
Ra4 a6 34. Rc4 Rb6 35. Kb1 Bd6 36. Kc2 Kd7 37. Rxc5 Ke7 38. Rc4 f5 39. b4 e5
40. f3 Kf6 41. a4 f4 42. a5 1-0

[Event "Politiken Cup 2008"]
[Site "Helsingør DEN"]
[Date "2008.07.19"]
[Round "1.106"]
[White "harders, Poul Erik"]
[Black "Nohr, Finn"]
[Result "0-1"]
[WhiteElo "1612"]
[BlackElo "2127"]
[PlyCount "64"]
[EventDate "2008.07.20"]
[EventType "swiss"]
[EventRounds "9"]
[EventCountry "DEN"]
[Source "lmi"]
[SourceDate "2008.07.20"]
[WhiteTeam "Gladsaxe"]
[BlackTeam "Sydøstfyn"]

1. d4 Nf6 2. c4 c5 3. d5 b5 4. Nf3 Bb7 5. Qc2 e6 6. dxe6 fxe6 7. e3 Be7 8. b3
bxc4 9. bxc4 O-O 10. Bb2 Nc6 11. Nbd2 d5 12. Ng5 Nb4 13. Qb1 Ne4 14. Ngxe4 dxe4
15. Nxe4 Bxe4 16. Qxe4 Bf6 17. Rb1 Bxb2 18. Rxb2 Qf6 19. Qb1 Qc3+ 20. Rd2 Rad8
21. Qb2 Qxd2+ 22. Qxd2 Rxd2 23. Kxd2 Nxa2 24. f4 Rd8+ 25. Ke1 Rb8 26. Bd3 Rb2
27. g4 a5 28. f5 Nb4 29. Be4 e5 30. h4 a4 31. g5 a3 32. Kd1 a2 0-1

[Event "Politiken Cup 2008"]
[Site "Helsingør DEN"]
[Date "2008.07.19"]
[Round "1.107"]
[White "Brondum, Eric"]
[Black "Knudsen, Joakim Holm"]
[Result "1/2-1/2"]
[WhiteElo "2126"]
[BlackElo "1606"]
[PlyCount "65"]
[EventDate "2008.07.20"]
[EventType "swiss"]
[EventRounds "9"]
[EventCountry "DEN"]
[Source "lmi"]
[SourceDate "2008.07.20"]
[WhiteTeam "K41"]
[BlackTeam "Allerød"]

1. d4 d5 2. Nf3 Nf6 3. c4 e6 4. Nc3 Nbd7 5. cxd5 exd5 6. Bg5 Be7 7. e3 c6 8.
Qc2 O-O 9. Bd3 h6 10. Bh4 Re8 11. O-O c5 12. dxc5 Nxc5 13. Be2 Be6 14. Nd4 Nfe4
15. Nxe4 Nxe4 16. Bxe7 Qxe7 17. Bd3 Rac8 18. Qe2 Bd7 19. Rac1 Rxc1 20. Rxc1 Nc5
21. Bb1 b6 22. Qf3 Qg5 23. b4 Ne6 24. Nf5 d4 25. h4 Qf6 26. Nxd4 Qxh4 27. Nxe6
Bxe6 28. a3 Qe7 29. Qe4 g6 30. Qf4 Kg7 31. Rc7 Qd8 32. Qe5+ Kh7 33. Rc1 1/2-1/2

[Event "Politiken Cup 2008"]
[Site "Helsingør DEN"]
[Date "2008.07.19"]
[Round "1.108"]
[White "Hein, Jacob"]
[Black "Inhoven, Stefan"]
[Result "0-1"]
[WhiteElo "1603"]
[BlackElo "2124"]
[PlyCount "42"]
[EventDate "2008.07.20"]
[EventType "swiss"]
[EventRounds "9"]
[EventCountry "DEN"]
[Source "lmi"]
[SourceDate "2008.07.20"]
[WhiteTeam "Espergærde"]
[BlackTeam "SK62 Ladenburg"]

1. e4 d5 2. exd5 Qxd5 3. Nc3 Qa5 4. d4 Nf6 5. Bd2 Bg4 6. Nf3 c6 7. Bc4 Qb6 8.
Bxf7+ Kxf7 9. Ne5+ Ke8 10. Nxg4 Qxd4 11. Nxf6+ Qxf6 12. Qh5+ Qf7 13. Qe2 Nd7
14. Ne4 Qe6 15. O-O-O Qxa2 16. Bc3 e6 17. Rhe1 Rd8 18. Nd6+ Bxd6 19. Rxd6 Kf7
20. Rxe6 Ne5 21. Qxe5 Qa1# 0-1

[Event "Politiken Cup 2008"]
[Site "Helsingør DEN"]
[Date "2008.07.19"]
[Round "1.110"]
[White "Olsen, Kirkegaard"]
[Black "De Coninck, Rafael"]
[Result "0-1"]
[WhiteElo "1579"]
[BlackElo "2121"]
[PlyCount "50"]
[EventDate "2008.07.20"]
[EventType "swiss"]
[EventRounds "9"]
[EventCountry "DEN"]
[Source "lmi"]
[SourceDate "2008.07.20"]
[WhiteTeam "Evans"]
[BlackTeam "TSM Schaakclub"]

1. e4 e5 2. Nf3 Nc6 3. Bb5 a6 4. Bxc6 dxc6 5. h3 Bd6 6. b3 c5 7. Bb2 f6 8. d3
Ne7 9. Nc3 Be6 10. Ne2 Qd7 11. a4 Nc6 12. Bc3 Nd4 13. Ng3 g5 14. Bxd4 exd4 15.
Nd2 O-O-O 16. Nc4 Be5 17. Nxe5 fxe5 18. Qd2 Rhg8 19. Nh5 Rdf8 20. f3 Qf7 21.
Ng3 h5 22. O-O-O Bd7 23. Qa5 Qf4+ 24. Kb1 Qxg3 25. Qxc5 Kb8 0-1

[Event "Politiken Cup 2008"]
[Site "Helsingør DEN"]
[Date "2008.07.19"]
[Round "1.111"]
[White "Nielsen, Torkil"]
[Black "Berth, Mikkel Knoth"]
[Result "0-1"]
[WhiteElo "2118"]
[BlackElo "1566"]
[PlyCount "170"]
[EventDate "2008.07.20"]
[EventType "swiss"]
[EventRounds "9"]
[EventCountry "DEN"]
[Source "lmi"]
[SourceDate "2008.07.20"]
[WhiteTeam "Sandavags Talvfelag"]
[BlackTeam "Brønshøj"]

1. e4 d5 2. exd5 Qxd5 3. d4 Nf6 4. c4 Qd6 5. Nc3 c6 6. Nf3 Bg4 7. Be3 e6 8. Be2
Be7 9. Ne5 Bxe2 10. Qxe2 O-O 11. O-O Nbd7 12. f4 Rfd8 13. Rad1 Rac8 14. g4 a6
15. g5 Ne8 16. Ne4 Qb4 17. a3 Qa4 18. b3 Qxa3 19. Ra1 Qb4 20. Bd2 Qb6 21. c5
Qb5 22. Qxb5 cxb5 23. Ba5 Nc7 24. Nd6 Bxd6 25. cxd6 Ne8 26. Bxd8 Rxd8 27. Rac1
Nxd6 28. Nxd7 Rxd7 29. Rfd1 Kf8 30. d5 exd5 31. Rxd5 Ke7 32. f5 a5 33. f6+ gxf6
34. Re1+ Kd8 35. gxf6 Kc7 36. Rh5 Rd8 37. Rxh7 a4 38. b4 a3 39. Ra1 Ra8 40. Ra2
Kc6 41. Rh3 Nc4 42. Rd3 Ra4 43. h4 Rxb4 44. h5 Ra4 45. Kf2 b4 46. h6 Ra8 47.
Rh3 Rh8 48. Ke1 b3 49. Rxb3 Rxh6 50. Rf3 Kb5 51. Rb3+ Ka4 52. Raxa3+ Nxa3 53.
Rxb7 Rxf6 54. Kd2 Nb5 55. Kd3 Kb4 56. Ke4 Kc5 57. Ke5 Rf1 58. Rd7 Kc6 59. Rd2
Kc7 60. Ra2 Kd7 61. Ra6 Ke7 62. Ra5 Nc3 63. Ra8 f6+ 64. Kd4 Ne2+ 65. Kd5 Nf4+
66. Ke4 Ng6 67. Ra6 Kf7 68. Ke3 Kg7 69. Ke2 Rf5 70. Ke3 Kh6 71. Ra1 Ne5 72. Ra8
Kg5 73. Rg8+ Ng6 74. Rg7 Ra5 75. Rg8 f5 76. Kf3 Ra3+ 77. Kf2 f4 78. Rg7 Ra6 79.
Kf3 Kf5 80. Rf7+ Rf6 81. Ra7 Ne5+ 82. Kf2 Kg4 83. Rg7+ Kf5 84. Ra7 Rb6 85. Ra2
Rb2+ 0-1

[Event "Politiken Cup 2008"]
[Site "Helsingør DEN"]
[Date "2008.07.19"]
[Round "1.112"]
[White "Bendixen, Daniel"]
[Black "Nielsen, Borge Hjerrild"]
[Result "0-1"]
[WhiteElo "1523"]
[BlackElo "2116"]
[PlyCount "82"]
[EventDate "2008.07.20"]
[EventType "swiss"]
[EventRounds "9"]
[EventCountry "DEN"]
[Source "lmi"]
[SourceDate "2008.07.20"]
[WhiteTeam "Holbæk"]
[BlackTeam "Hvidovre"]

1. e4 c6 2. d4 d5 3. e5 Bf5 4. Bd3 Bxd3 5. Qxd3 e6 6. Be3 Qb6 7. b3 c5 8. c3
Nc6 9. f4 cxd4 10. Bxd4 Nxd4 11. cxd4 Bb4+ 12. Nd2 Rc8 13. Ne2 Ne7 14. O-O O-O
15. Rac1 Qa5 16. Nf3 h6 17. a4 Rc6 18. Rxc6 bxc6 19. g4 c5 20. f5 Nc6 21. f6
Nxd4 22. Nexd4 cxd4 23. fxg7 Rc8 24. Kh1 Be7 25. Qxd4 Qa6 26. Qf2 Bc5 27. Nd4
Rc7 28. Rd1 Bxd4 29. Qxd4 Qe2 30. Qd3 Qxe5 31. g5 hxg5 32. Qh3 Kxg7 33. Qh5
Qe4+ 34. Kg1 Qe3+ 35. Kh1 Rc2 36. Rf1 Qe4+ 37. Qf3 Qxf3+ 38. Rxf3 f5 39. b4 Kf6
40. Rb3 f4 41. b5 Ra2 0-1

[Event "Politiken Cup 2008"]
[Site "Helsingør DEN"]
[Date "2008.07.19"]
[Round "1.113"]
[White "Haubro, Sigfred"]
[Black "Madsen, Dennis"]
[Result "1-0"]
[WhiteElo "2114"]
[BlackElo "1518"]
[PlyCount "43"]
[EventDate "2008.07.20"]
[EventType "swiss"]
[EventRounds "9"]
[EventCountry "DEN"]
[Source "lmi"]
[SourceDate "2008.07.20"]
[WhiteTeam "BMS"]
[BlackTeam "Helsingør"]

1. e4 d5 2. exd5 Nf6 3. d4 Nxd5 4. Be2 Bf5 5. Nf3 Nc6 6. a3 e6 7. c4 Nf6 8. O-O
h6 9. Nc3 Be7 10. d5 exd5 11. cxd5 Nb8 12. Nd4 Be4 13. Nxe4 Nxe4 14. Qa4+ Nd7
15. Nf5 Nec5 16. Qc2 Bf6 17. Be3 b6 18. Rac1 O-O 19. b4 Bg5 20. bxc5 Bxe3 21.
Nxe3 Nxc5 22. Bf3 1-0

[Event "Politiken Cup 2008"]
[Site "Helsingør DEN"]
[Date "2008.07.19"]
[Round "1.114"]
[White "Gade, Jens"]
[Black "Kragh, Niels Kristian"]
[Result "1/2-1/2"]
[WhiteElo "1514"]
[BlackElo "2112"]
[PlyCount "27"]
[EventDate "2008.07.20"]
[EventType "swiss"]
[EventRounds "9"]
[EventCountry "DEN"]
[Source "lmi"]
[SourceDate "2008.07.20"]
[WhiteTeam "Amager"]
[BlackTeam "K41"]

1. f4 Nh6 2. Nf3 d5 3. e3 c6 4. Be2 f6 5. O-O Nf7 6. d4 Bg4 7. c4 e6 8. c5 b6
9. b4 a5 10. Bd2 axb4 11. Bxb4 bxc5 12. dxc5 Nd7 13. Nd4 Bf5 14. Nxc6 1/2-1/2

[Event "Politiken Cup 2008"]
[Site "Helsingør DEN"]
[Date "2008.07.19"]
[Round "1.115"]
[White "Koenig, Dirk"]
[Black "Nielsen, Hogni Eigilstoft"]
[Result "1-0"]
[WhiteElo "2106"]
[BlackElo "1507"]
[PlyCount "47"]
[EventDate "2008.07.20"]
[EventType "swiss"]
[EventRounds "9"]
[EventCountry "DEN"]
[Source "lmi"]
[SourceDate "2008.07.20"]
[WhiteTeam "SC Grunbach"]
[BlackTeam "Sandavags Talvfelag"]

1. e4 e5 2. f4 d5 3. exd5 e4 4. d3 exd3 5. Qxd3 Nf6 6. Nc3 Bc5 7. Be3 Qe7 8.
Kd2 Bb4 9. Re1 Bxc3+ 10. bxc3 Ne4+ 11. Kc1 Qa3+ 12. Kb1 Bf5 13. Bd4 O-O 14.
Rxe4 Nd7 15. Qg3 g6 16. Re1 c5 17. Be5 Nb6 18. c4 Qb4+ 19. Ka1 Na4 20. Rb1 Qd2
21. Bd3 Bxd3 22. Qxd3 Qxg2 23. Nh3 f6 24. Rbg1 1-0

[Event "Politiken Cup 2008"]
[Site "Helsingør DEN"]
[Date "2008.07.19"]
[Round "1.116"]
[White "Torkilseng, Runar"]
[Black "Arvola, Benjamin"]
[Result "0-1"]
[WhiteElo "1488"]
[BlackElo "2105"]
[PlyCount "64"]
[EventDate "2008.07.20"]
[EventType "swiss"]
[EventRounds "9"]
[EventCountry "DEN"]
[Source "lmi"]
[SourceDate "2008.07.20"]
[WhiteTeam "Direkt medlem"]
[BlackTeam "Tromsø"]

1. b3 Nf6 2. Bb2 g6 3. Bxf6 exf6 4. c4 Bg7 5. Nc3 O-O 6. g3 c6 7. Bg2 f5 8. Rc1
d6 9. e3 Nd7 10. Nge2 Nf6 11. O-O Qe7 12. Qc2 Be6 13. d4 Rac8 14. Nf4 a6 15.
Qd3 Rfd8 16. d5 Bd7 17. h4 c5 18. Rfe1 Ng4 19. e4 Bd4 20. Nd1 Re8 21. Re2 Qf6
22. Ne3 fxe4 23. Bxe4 Ne5 24. Qc2 Re7 25. Bg2 Rce8 26. Rce1 h6 27. Kh1 Bg4 28.
Rd2 Nf3 29. Bxf3 Bxf3+ 30. Kg1 Rxe3 31. fxe3 Rxe3 32. Rxe3 Bxe3+ 0-1

[Event "Politiken Cup 2008"]
[Site "Helsingør DEN"]
[Date "2008.07.19"]
[Round "1.117"]
[White "Dalberg, Preben"]
[Black "Kopansky, Lorentz"]
[Result "1-0"]
[WhiteElo "2097"]
[BlackElo "1463"]
[PlyCount "37"]
[EventDate "2008.07.20"]
[EventType "swiss"]
[EventRounds "9"]
[EventCountry "DEN"]
[Source "lmi"]
[SourceDate "2008.07.20"]
[WhiteTeam "Holbæk"]
[BlackTeam "HSK Post Hanover"]

1. c4 Nf6 2. Nc3 g6 3. e4 d6 4. d4 Bg7 5. Nge2 O-O 6. Ng3 e5 7. d5 Na6 8. h4 h6
9. Be2 Nh7 10. h5 g5 11. Bg4 Bxg4 12. Qxg4 Nf6 13. Qe2 Nc5 14. Nf5 a6 15. Bxg5
hxg5 16. h6 Bh8 17. h7+ Nxh7 18. Qh5 Nd3+ 19. Kd2 1-0

[Event "Politiken Cup 2008"]
[Site "Helsingør DEN"]
[Date "2008.07.19"]
[Round "1.118"]
[White "Christiansen, Niels Jørgen"]
[Black "Jensen, Michael Agermose"]
[Result "0-1"]
[WhiteElo "1450"]
[BlackElo "2096"]
[PlyCount "116"]
[EventDate "2008.07.20"]
[EventType "swiss"]
[EventRounds "9"]
[EventCountry "DEN"]
[Source "lmi"]
[SourceDate "2008.07.20"]
[WhiteTeam "Helsinge"]
[BlackTeam "FREM"]

1. d4 f5 2. g3 Nf6 3. c4 g6 4. Bg2 Bg7 5. e3 O-O 6. Nc3 d6 7. Nf3 Nc6 8. O-O e5
9. e4 fxe4 10. Ng5 Nxd4 11. Ngxe4 Nxe4 12. Nxe4 h6 13. Be3 Nf5 14. Qd2 Qe8 15.
Rfd1 Kh7 16. Rac1 Nxe3 17. Qxe3 Bf5 18. c5 Bxe4 19. Bxe4 dxc5 20. Rxc5 c6 21.
a4 Qe6 22. Qe2 Rad8 23. Rc3 Rd4 24. Qc2 h5 25. Rxd4 exd4 26. Rb3 Rf7 27. Bd3
Re7 28. Bc4 Qe1+ 29. Bf1 Qa5 30. Qc4 Qg5 31. Rd3 Re1 32. Rb3 Qe7 33. Rf3 Qe4
34. Qd3 Qxd3 35. Rxd3 c5 36. b3 g5 37. h3 Kg6 38. Kg2 a6 39. g4 hxg4 40. hxg4
Be5 41. Rh3 Bg7 42. Bd3+ Kf6 43. Rf3+ Ke7 44. Bc4 Bf6 45. Rd3 Re4 46. f3 Re5
47. Rd2 Kd6 48. Kf2 Kc6 49. Re2 b5 50. axb5+ axb5 51. Rxe5 Bxe5 52. Bg8 Kb6 53.
Ke2 Ka5 54. Kd3 Kb4 55. Ke4 c4 56. bxc4 bxc4 57. Kxe5 d3 58. Bh7 Kc3 0-1

[Event "Politiken Cup 2008"]
[Site "Helsingør DEN"]
[Date "2008.07.19"]
[Round "1.119"]
[White "Schmied, Andreas"]
[Black "Radovic, Slobodan"]
[Result "1-0"]
[WhiteElo "2089"]
[BlackElo "1439"]
[PlyCount "49"]
[EventDate "2008.07.20"]
[EventType "swiss"]
[EventRounds "9"]
[EventCountry "DEN"]
[Source "lmi"]
[SourceDate "2008.07.20"]
[WhiteTeam "SV Vimbuch"]
[BlackTeam "Holbæk"]

1. d4 Nf6 2. c4 e6 3. Nc3 c5 4. d5 exd5 5. cxd5 d6 6. Nf3 g6 7. Bf4 Nh5 8. Bg5
f6 9. Bd2 Nd7 10. e4 a6 11. a4 b6 12. Be2 Ng7 13. Bh6 Ne5 14. Nxe5 fxe5 15. O-O
Kf7 16. f4 exf4 17. Rxf4+ Kg8 18. Qf1 Ra7 19. Rf6 Ne6 20. Bxf8 Nxf8 21. Qf4 Qe8
22. Rf1 Kg7 23. Qxd6 Rb7 24. Qf4 h6 25. Bxa6 1-0

[Event "Politiken Cup 2008"]
[Site "Helsingør DEN"]
[Date "2008.07.19"]
[Round "1.120"]
[White "Moe, Pål"]
[Black "Jorgensen, Rasmus"]
[Result "0-1"]
[WhiteElo "1431"]
[BlackElo "2036"]
[PlyCount "126"]
[EventDate "2008.07.20"]
[EventType "swiss"]
[EventRounds "9"]
[EventCountry "DEN"]
[Source "lmi"]
[SourceDate "2008.07.20"]
[WhiteTeam "OSS"]
[BlackTeam "K41"]

1. e4 g6 2. Nf3 Bg7 3. d4 d6 4. Be3 Nd7 5. Nc3 a6 6. Be2 b5 7. a3 Bb7 8. O-O c5
9. Qd2 Rc8 10. Rad1 b4 11. axb4 cxb4 12. Nd5 a5 13. Bd3 Bxd5 14. exd5 Ngf6 15.
Bh6 O-O 16. Rfe1 Nb6 17. b3 Nbxd5 18. Bxg7 Kxg7 19. Qg5 h6 20. Qg3 e6 21. Rxe6
Nf4 22. Re3 Nxd3 23. cxd3 Nd5 24. Ree1 Rc3 25. Nd2 Rc2 26. Ne4 Nc3 27. Ra1 Ne2+
28. Rxe2 Rxe2 29. Qxd6 Qxd6 30. Nxd6 Rd8 31. Nc4 Rxd4 32. Kf1 Re6 33. Rxa5 Rxd3
34. g3 Rxb3 35. Rb5 Rb1+ 36. Kg2 f5 37. Ne3 Rc6 38. Rb7+ Kf6 39. Nd5+ Ke6 40.
Nxb4 Rc4 41. Rb6+ Kf7 42. Nc6 Rxb6 43. Ne5+ Ke6 44. Nxc4 Rc6 45. Ne3 Ke5 46. h4
Ke4 47. Nf1 Rc2 48. Nh2 f4 49. gxf4 Kxf4 50. Nf3 Rc3 51. Nh2 Ra3 52. h5 g5 53.
Nf1 Kg4 54. Ng3 Ra2 55. Kg1 Kf3 56. Nf5 Ra1+ 57. Kh2 Kxf2 58. Nxh6 Ra4 59. Nf5
Rf4 60. Kh3 g4+ 61. Kh4 g3+ 62. Kg5 Rxf5+ 63. Kxf5 g2 0-1

[Event "Politiken Cup 2008"]
[Site "Helsingør DEN"]
[Date "2008.07.19"]
[Round "1.122"]
[White "Dam, Vagnur"]
[Black "Petkidis, Anthony"]
[Result "0-1"]
[WhiteElo "1396"]
[BlackElo "2073"]
[PlyCount "44"]
[EventDate "2008.07.20"]
[EventType "swiss"]
[EventRounds "9"]
[EventCountry "DEN"]
[Source "lmi"]
[SourceDate "2008.07.20"]
[WhiteTeam "Rokur"]
[BlackTeam "Hsk Post Hannover"]

1. d4 Nf6 2. Bg5 Ne4 3. Bf4 c5 4. f3 Nf6 5. dxc5 Nc6 6. Nc3 e5 7. Bg5 Bxc5 8.
e4 h6 9. Bxf6 Qxf6 10. Nd5 Qd8 11. Bc4 Bxg1 12. Rxg1 O-O 13. Qd2 Rb8 14. O-O-O
b5 15. Bd3 d6 16. g3 Be6 17. Ne3 Nd4 18. Qg2 Qa5 19. a3 Rfc8 20. f4 b4 21. axb4
Nb3+ 22. Kb1 Qa1# 0-1

[Event "Politiken Cup 2008"]
[Site "Helsingør DEN"]
[Date "2008.07.19"]
[Round "1.123"]
[White "Hansen, Pal Andreas"]
[Black "Meldal, Peter"]
[Result "1-0"]
[WhiteElo "2069"]
[BlackElo "1373"]
[PlyCount "54"]
[EventDate "2008.07.20"]
[EventType "swiss"]
[EventRounds "9"]
[EventCountry "DEN"]
[Source "lmi"]
[SourceDate "2008.07.20"]
[WhiteTeam "Verdal"]
[BlackTeam "Taastrup"]

1. e4 e6 2. Nc3 d5 3. d4 Bb4 4. e5 c5 5. a3 Bxc3+ 6. bxc3 cxd4 7. cxd4 Nc6 8.
Nf3 Nge7 9. Bd3 h6 10. O-O O-O 11. c3 g5 12. h4 f6 13. exf6 Nf5 14. hxg5 hxg5
15. Bxg5 Rxf6 16. Bxf5 exf5 17. Re1 Kf7 18. Ne5+ Kg7 19. Ra2 Qd6 20. Bxf6+ Qxf6
21. Nxc6 bxc6 22. Rae2 Ba6 23. Re7+ Kf8 24. Qh5 Qxe7 25. Qh8+ Kf7 26. Qh7+ Kf8
27. Rxe7 Re8 1-0

[Event "Politiken Cup 2008"]
[Site "Helsingør DEN"]
[Date "2008.07.19"]
[Round "1.124"]
[White "Lindgaard, Jørn"]
[Black "Mangelschots, Peter"]
[Result "0-1"]
[WhiteElo "1337"]
[BlackElo "2069"]
[PlyCount "75"]
[EventDate "2008.07.20"]
[EventType "swiss"]
[EventRounds "9"]
[EventCountry "DEN"]
[Source "lmi"]
[SourceDate "2008.07.20"]
[WhiteTeam "Taastrup"]
[BlackTeam "TSM Schaakclub"]

1. e4 e6 2. Nf3 c5 3. c3 Nf6 4. e5 Nd5 5. d4 cxd4 6. cxd4 Nc6 7. a3 d6 8. Bb5
Bd7 9. Qe2 Qc7 10. Nc3 Nxc3 11. bxc3 dxe5 12. dxe5 a6 13. Bd3 Na5 14. O-O Nb3
15. Ra2 Be7 16. Nd4 Nxc1 17. Rxc1 O-O 18. Be4 Rac8 19. c4 Rfd8 20. a4 g6 21.
Bd3 Bf8 22. a5 Bg7 23. Nf3 Bc6 24. Be4 Rd7 25. Bxc6 Qxc6 26. Rb2 Bh6 27. Nd2
Qa4 28. Rcb1 Qxa5 29. Nb3 Qb4 30. f4 Bxf4 31. g3 Bh6 32. Rf1 Qxc4 33. Qf2 Qc3
34. Kg2 Be3 35. Qe2 Qxe5 36. Rf3 Bd4 37. Nxd4 Qxd4 38. Qe1 0-1